La quinta disciplina: el arte y la práctica de la organización abierta al aprendizaje
Saved in:
| Hovedforfatter: | |
|---|---|
| Format: | Bog |
| Sprog: | spansk |
| Udgivet: |
Buenos Aires, Argentina.
Granica,
2016
|
| Udgivelse: | 2a. ed |
| Fag: | |
| Tags: |
Tilføj Tag
Ingen Tags, Vær først til at tagge denne postø!
|
MARC
| LEADER | 00000cam a2200000 a 4500 | ||
|---|---|---|---|
| 001 | UCC0650 | ||
| 003 | CL-VaPUC | ||
| 005 | 20230905074226.0 | ||
| 008 | 170825e20160000ag |||||||||||||||||spa|d | ||
| 020 | |a 9789506414306 | ||
| 040 | |c Pontificia Universidad Católica de Valparaíso | ||
| 082 | 0 | 4 | |a 658.406 SEN 2016 |2 21 |
| 100 | 0 | |a Senge, Peter M |e author |9 594650 | |
| 245 | 1 | 3 | |a La quinta disciplina: el arte y la práctica de la organización abierta al aprendizaje |
| 250 | |a 2a. ed | ||
| 260 | |a Buenos Aires, Argentina. |b Granica, |c 2016 | ||
| 300 | |a 475 páginas | ||
| 583 | |a last modification |c 20170825 13:52:00 |k Rodrigo Vera | ||
| 650 | 0 | |a Administración de empresas |9 260833 | |
| 650 | 0 | |a Cambio organizacional |9 260741 | |
| 650 | 0 | |a Empresas |9 255569 | |
| 650 | 0 | |a Gestión administrativa |9 375217 | |
| 650 | 0 | |a Aprendizaje organizacional |2 CL-VaPUC |9 263803 | |
| 942 | |c BK |2 ddc | ||
| 945 | |d 20170825 13:52:00 |a dcastane | ||
| 999 | |c 369423 |d 369421 | ||
| 952 | |0 0 |1 0 |3 erb |4 0 |6 658_406000000000000_SEN_2016 |7 0 |8 A |9 485189 |a BIBGIM |b BIBGIM |d 2019-10-08 |e 65 |g 14770.00 |i 5419433 |o 658.406 SEN 2016 |p 5419433 |r 2025-01-15 |w 2019-11-24 |y BK |z Catalogado en:20170825 |k COM | ||
| 952 | |0 0 |1 0 |3 erb |4 0 |6 658_406000000000000_SEN_2016 |7 0 |8 A |9 485190 |a BIBGIM |b BIBGIM |d 2019-10-08 |e 65 |g 14770.00 |i 5419425 |o 658.406 SEN 2016 |p 5419425 |r 2025-01-15 |w 2019-11-24 |y BK |z Catalogado en:20170825 |k COM | ||
| 952 | |0 0 |1 0 |3 erb |4 0 |6 658_406000000000000_SEN_2016 |7 0 |8 A |9 485191 |a BIBGIM |b BIBGIM |d 2019-10-08 |e 65 |g 14770.00 |i 5419417 |o 658.406 SEN 2016 |p 5419417 |r 2025-01-15 |w 2019-11-24 |y BK |z Catalogado en:20170825 |k COM | ||
| 952 | |0 0 |1 0 |3 erb |4 0 |6 658_406000000000000_SEN_2016 |7 0 |8 A |9 485192 |a BIBGIM |b BIBGIM |d 2019-10-08 |e 65 |g 14770.00 |i 5419409 |l 1 |o 658.406 SEN 2016 |p 5419409 |r 2025-01-15 |s 2023-08-17 |w 2019-11-24 |y BK |z Catalogado en:20170825 |k COM | ||
| 952 | |0 0 |1 0 |3 erb |4 0 |6 658_406000000000000_SEN_2016 |7 0 |8 A |9 485193 |a BIBGIM |b BIBGIM |d 2019-10-08 |e 65 |g 14770.00 |i 5419395 |o 658.406 SEN 2016 |p 5419395 |r 2025-01-15 |w 2019-11-24 |y BK |z Catalogado en:20170825 |k COM | ||
| 952 | |0 0 |1 0 |3 erb |4 0 |6 658_406000000000000_SEN_2016 |7 0 |8 A |9 485194 |a BIBGIM |b BIBGIM |d 2019-10-08 |e 65 |g 14770.00 |i 5419387 |o 658.406 SEN 2016 |p 5419387 |r 2025-01-15 |w 2019-11-24 |y BK |z Catalogado en:20170825 |k COM | ||
| 952 | |0 0 |1 0 |3 erb |4 0 |6 658_406000000000000_SEN_2016 |7 0 |8 A |9 485195 |a BIBGIM |b BIBGIM |d 2019-10-08 |e 65 |g 14770.00 |i 5419379 |o 658.406 SEN 2016 |p 5419379 |r 2025-01-15 |w 2019-11-24 |y BK |z Catalogado en:20170825 |k COM | ||
| 952 | |0 0 |1 0 |3 erb |4 0 |6 658_406000000000000_SEN_2016 |7 0 |8 A |9 485196 |a BIBGIM |b BIBGIM |d 2019-10-08 |e 65 |g 14770.00 |i 5419360 |o 658.406 SEN 2016 |p 5419360 |r 2025-01-15 |w 2019-11-24 |y BK |z Catalogado en:20170825 |k COM | ||
| 952 | |0 0 |1 0 |3 erb |4 0 |6 658_406000000000000_SEN_2016 |7 0 |8 A |9 485197 |a BIBGIM |b BIBGIM |d 2019-10-08 |e 65 |g 14770.00 |i 5419352 |o 658.406 SEN 2016 |p 5419352 |r 2025-01-15 |w 2019-11-24 |y BK |z Catalogado en:20170825 |k COM | ||
| 952 | |0 0 |1 0 |3 erb |4 0 |6 658_406000000000000_SEN_2016 |7 0 |8 A |9 485198 |a BIBGIM |b BIBGIM |d 2019-10-08 |e 65 |g 14770.00 |i 5419344 |o 658.406 SEN 2016 |p 5419344 |r 2025-01-15 |w 2019-11-24 |y BK |z Catalogado en:20170825 |k COM | ||
| 952 | |0 0 |1 0 |3 erb |4 0 |6 658_406000000000000_SEN_2016 |7 0 |8 A |9 485199 |a BIBGIM |b BIBGIM |d 2019-10-08 |e 65 |g 14770.00 |i 5481996 |o 658.406 SEN 2016 |p 5481996 |r 2025-01-15 |w 2019-11-24 |y BK |z Catalogado en:20180720 |k COM | ||
| 952 | |0 0 |1 0 |3 erb |4 0 |6 658_406000000000000_SEN_2016 |7 0 |8 A |9 485200 |a BIBGIM |b BIBGIM |d 2019-10-08 |e 65 |g 14770.00 |i 5481988 |o 658.406 SEN 2016 |p 5481988 |r 2025-01-15 |w 2019-11-24 |y BK |z Catalogado en:20180720 |k COM | ||
| 952 | |0 0 |1 0 |3 erb |4 0 |6 658_406000000000000_SEN_2016 |7 0 |8 A |9 485201 |a BIBGIM |b BIBGIM |d 2019-10-08 |e 65 |g 14770.00 |i 548197K |o 658.406 SEN 2016 |p 548197K |r 2025-01-15 |w 2019-11-24 |y BK |z Catalogado en:20180720 |k COM | ||
| 952 | |0 0 |1 0 |3 erb |4 0 |6 658_406000000000000_SEN_2016 |7 0 |8 A |9 485202 |a BIBGIM |b BIBGIM |d 2019-10-08 |e 65 |g 14770.00 |i 5481961 |o 658.406 SEN 2016 |p 5481961 |r 2025-01-15 |w 2019-11-24 |y BK |z Catalogado en:20180720 |k COM | ||
| 952 | |0 0 |1 0 |3 erb |4 0 |6 658_406000000000000_SEN_2016 |7 0 |8 A |9 485203 |a BIBGIM |b BIBGIM |d 2019-10-08 |e 65 |g 14770.00 |i 5481953 |o 658.406 SEN 2016 |p 5481953 |r 2025-01-15 |w 2019-11-24 |y BK |z Catalogado en:20180720 |k COM | ||
| 952 | |0 0 |1 0 |2 ddc |3 erb |4 0 |6 658_406000000000000_SEN_2016 |7 0 |8 A |9 485204 |a BIBING |b BIBING |c RES |d 2019-10-08 |e 65 |g 14770.00 |i 556350K |o 658.406 SEN 2016 |p 556350K |r 2025-01-20 |t 5 |w 2019-11-24 |y BK |z Catalogado en:20191010 |k EII | ||
| 952 | |0 0 |1 0 |2 ddc |3 erb |4 0 |6 658_406000000000000_SEN_2016 |7 0 |8 A |9 485205 |a BIBING |b BIBING |c RES |d 2019-10-08 |e 65 |g 14770.00 |i 5563496 |o 658.406 SEN 2016 |p 5563496 |r 2025-01-20 |t 4 |w 2019-11-24 |y BK |z Catalogado en:20191010 |k EII | ||
| 952 | |0 0 |1 0 |2 ddc |3 erb |4 0 |6 658_406000000000000_SEN_2016 |7 0 |8 A |9 485206 |a BIBING |b BIBING |c RES |d 2019-10-08 |e 65 |g 14770.00 |i 5563488 |o 658.406 SEN 2016 |p 5563488 |r 2025-01-20 |t 3 |w 2019-11-24 |y BK |z Catalogado en:20191010 |k EII | ||
| 952 | |0 0 |1 0 |2 ddc |3 erb |4 0 |6 658_406000000000000_SEN_2016 |7 0 |8 A |9 485207 |a BIBING |b BIBING |c RES |d 2019-10-08 |e 65 |g 14770.00 |i 556347K |o 658.406 SEN 2016 |p 556347K |r 2025-01-20 |t 2 |w 2019-11-24 |y BK |z Catalogado en:20191010 |k EII | ||
| 952 | |0 0 |1 0 |2 ddc |3 erb |4 0 |6 658_406000000000000_SEN_2016 |7 0 |8 A |9 485208 |a BIBING |b BIBING |c RES |d 2019-10-08 |e 65 |g 14770.00 |i 5563461 |o 658.406 SEN 2016 |p 5563461 |r 2025-01-20 |t 1 |w 2019-11-24 |y BK |z Catalogado en:20191010 |k EII | ||